Five Most Guessed Non-Capital Cities By Continent - Statistics

General Stats
  • This quiz has been taken 545 times
    435 since last reset
  • The average score is 19 of 28
Answer Stats
Hint Answer % Correct
North America 96% New York City
92%
North America 93% Los Angeles
90%
Asia 90% Shanghai
88%
Oceania 87% Sydney
88%
Europe 85% Barcelona
87%
South America 87% Rio de Janeiro
85%
North America 87% Chicago
82%
Oceania 76% Melbourne
80%
Europe 78% Milan
79%
South America 81% São Paulo
78%
Africa 74% Lagos
77%
Africa 81% Johannesburg
76%
Asia 86% Mumbai
73%
Europe 83% Saint Petersburg
73%
North America 83% Miami
72%
Africa 62% Alexandria
70%
Oceania 46% Brisbane
67%
North America 83% San Francisco
65%
Africa 57% Casablanca
61%
Europe 82% Istanbul
61%
Europe 71% Manchester
61%
Asia 75% Osaka
60%
Asia 78% Hong Kong
59%
Asia 75% Guangzhou
46%
South America 45% Medellín
45%
Africa 52% Dar es Salaam
43%
South America 43% Belo Horizonte
33%
South America 33% Recife
20%
No matching quizzes found
Score Distribution
Percent of People with Each Score
Percentile by Number Answered
Your Score History
You have not taken this quiz since the last reset